[Event "EIRCC 2019"]
[Site "Tallinn"]
[Date "2019.12.06"]
[Round "13.10"]
[White "Lobanov, Sergei"]
[Black "Sanal, Vahap"]
[Result "1/2-1/2"]
[WhiteElo "2483"]
[BlackElo "2597"]
[Annotator "ChessBase"]
[PlyCount "297"]
[EventDate "2019.12.05"]
[EventType "swiss"]
[EventCountry "EST"]
[SourceTitle "playchess.com"]
[Source "ChessBase"]
[SourceQuality "1"]
[TimeControl "900+10"]

1. e4 {[%emt 0:00:00]} e5 {[%emt 0:00:00]} 2. Nf3 {[%emt 0:00:00]} Nc6 {[%emt 0:00:00]} 3. Bb5 {[%emt 0:00:00]} a6 {[%emt 0:00:00]} 4. Ba4 {[%emt 0:00:00]} Nf6 {[%emt 0:00:00]} 5. O-O {[%emt 0:00:00]} Be7 {[%emt 0:00:02]} 6. Re1 {[%emt 0:00:00]} b5 {[%emt 0:00:01]} 7. Bb3 {[%emt 0:00:00]} O-O {[%emt 0:00:02]} 8. a4 {[%emt 0:00:01]} Bb7 {[%emt 0:00:17]} 9. d3 {[%emt 0:00:03]} d6 {[%emt 0:00:02]} 10. c3 {[%emt 0:01:04]} Na5 {[%emt 0:00:05]} 11. Bc2 {[%emt 0:00:15]} c5 {[%emt 0:00:02]} 12. Nbd2 {[%emt 0:00:02]} Nc6 {[%emt 0:00:01]} 13. Nf1 {[%emt 0:00:05]} Re8 {[%emt 0:00:02]} 14. Ng3 {[%emt 0:00:31]} g6 {[%emt 0:00:02]} 15. d4 {[%emt 0:00:15]} cxd4 {[%emt 0:00:02]} 16. cxd4 {[%emt 0:00:01]} Nxd4 {[%emt 0:00:01]} 17. Nxd4 {[%emt 0:00:02]} exd4 {[%emt 0:00:01]} 18. Qxd4 {[%emt 0:01:34]} Rc8 {[%emt 0:00:02]} 19. Bd3 {[%emt 0:00:20]} d5 {[%emt 0:00:01]} 20. e5 {[%emt 0:00:56]} Ne4 {[%emt 0:00:14]} 21. b4 {[%emt 0:01:16]} a5 {[%emt 0:00:28]} 22. Ba3 {[%emt 0:00:26]} bxa4 {[%emt 0:00:28]} 23. bxa5 {[%emt 0:00:45]} Bxa3 {[%emt 0:00:02]} 24. Rxa3 {[%emt 0:00:02]} Qxa5 {[%emt 0:00:01]} 25. Rea1 {[%emt 0:02:39]} Nc5 {[%emt 0:00:19]} 26. Bc2 {[%emt 0:00:04]} Qc7 {[%emt 0:00:21]} 27. Bxa4 {[%emt 0:00:57]} Rxe5 {[%emt 0:00:07]} 28. Rc3 {[%emt 0:01:20]} Qe7 {[%emt 0:00:36]} 29. Bb5 {[%emt 0:01:20]} Re1+ {[%emt 0:03:56]} 30. Rxe1 {[%emt 0:00:02]} Qxe1+ {[%emt 0:00:01]} 31. Bf1 {[%emt 0:00:02]} Qe7 {[%emt 0:00:14]} 32. h4 {[%emt 0:00:54]} h5 {[%emt 0:00:27]} 33. Be2 {[%emt 0:00:45]} Ne6 {[%emt 0:01:21]} 34. Rxc8+ {[%emt 0:01:06]} Bxc8 {[%emt 0:00:02]} 35. Qxd5 {[%emt 0:00:02]} Qxh4 {[%emt 0:00:14]} 36. Qc6 {[%emt 0:01:23]} Qd8 {[%emt 0:00:13]} 37. Bc4 {[%emt 0:00:03]} Nf4 {[%emt 0:00:39]} 38. Ne4 {[%emt 0:00:31]} Be6 {[%emt 0:01:19]} 39. Bxe6 {[%emt 0:00:26]} Nxe6 {[%emt 0:00:02]} 40. Nd6 {[%emt 0:00:30]} Qf6 {[%emt 0:00:35]} 41. Qc8+ {[%emt 0:00:30]} Kh7 {[%emt 0:00:03]} 42. Qd7 {[%emt 0:00:07]} Ng5 {[%emt 0:00:09]} 43. Nc4 {[%emt 0:01:09]} Ne4 {[%emt 0:00:35]} 44. Qa7 {[%emt 0:00:01]} Nc3 {[%emt 0:01:01]} 45. Qe3 {[%emt 0:00:24]} Nd1 {[%emt 0:01:15]} 46. Qd2 {[%emt 0:00:09]} Nc3 {[%emt 0:00:07]} 47. Ne3 {[%emt 0:00:09]} Ne4 {[%emt 0:00:08]} 48. Qc2 {[%emt 0:00:02]} Qa1+ {[%emt 0:00:06]} 49. Kh2 {[%emt 0:00:04]} Qe5+ {[%emt 0:00:02]} 50. Kg1 {[%emt 0:00:00]} Qa1+ {[%emt 0:00:27]} 51. Kh2 {[%emt 0:00:03]} Qd4 {[%emt 0:00:03]} 52. Kg1 {[%emt 0:00:13]} Nf6 {[%emt 0:00:32]} 53. Qa2 {[%emt 0:00:19]} Kg7 {[%emt 0:00:09]} 54. Qc2 {[%emt 0:00:03]} Qb4 {[%emt 0:00:08]} 55. Qe2 {[%emt 0:00:30]} Qb1+ {[%emt 0:00:34]} 56. Kh2 {[%emt 0:00:07]} Qb8+ {[%emt 0:00:01]} 57. Kg1 {[%emt 0:00:05]} Qe5 {[%emt 0:00:04]} 58. Qc2 {[%emt 0:00:07]} Ne4 {[%emt 0:00:23]} 59. Nf1 {[%emt 0:00:11]} h4 {[%emt 0:00:26]} 60. Qe2 {[%emt 0:00:02]} Qf5 {[%emt 0:00:40]} 61. Qb2+ {[%emt 0:00:05]} Kh7 {[%emt 0:00:05]} 62. Qd4 {[%emt 0:00:06]} g5 {[%emt 0:00:44]} 63. Nd2 {[%emt 0:00:25]} Nf6 {[%emt 0:00:13]} 64. Nf1 {[%emt 0:00:09]} Ne4 {[%emt 0:00:42]} 65. Nd2 {[%emt 0:00:04]} Nc5 {[%emt 0:00:27]} 66. Nf1 {[%emt 0:00:24]} Ne6 {[%emt 0:00:02]} 67. Qe3 {[%emt 0:00:06]} Qb1 {[%emt 0:00:10]} 68. Qf3 {[%emt 0:00:27]} Kg6 {[%emt 0:00:26]} 69. Qc6 {[%emt 0:00:19]} Qa1 {[%emt 0:00:48]} 70. Qe4+ {[%emt 0:00:08]} Kg7 {[%emt 0:00:02]} 71. Qf5 {[%emt 0:00:01]} Kg8 {[%emt 0:00:11]} 72. g3 {[%emt 0:00:14]} hxg3 {[%emt 0:00:23]} 73. fxg3 {[%emt 0:00:01]} Qc1 {[%emt 0:00:07]} 74. Qe5 {[%emt 0:00:09]} Qc4 {[%emt 0:00:18]} 75. Kf2 {[%emt 0:00:09]} Qc2+ {[%emt 0:00:10]} 76. Qe2 {[%emt 0:00:39]} Qc5+ {[%emt 0:00:09]} 77. Qe3 {[%emt 0:00:02]} Qd5 {[%emt 0:00:12]} 78. Qf3 {[%emt 0:00:07]} Qc5+ {[%emt 0:00:02]} 79. Qe3 {[%emt 0:00:01]} Nd4 {[%emt 0:00:01]} 80. Nd2 {[%emt 0:00:06]} Qf5+ {[%emt 0:00:09]} 81. Kg2 {[%emt 0:00:05]} Nc2 {[%emt 0:00:25]} 82. Qe4 {[%emt 0:00:20]} Qc5 {[%emt 0:00:01]} 83. Qe8+ {[%emt 0:00:24]} Kg7 {[%emt 0:00:03]} 84. Ne4 {[%emt 0:00:18]} Qf5 {[%emt 0:00:17]} 85. Nf2 {[%emt 0:00:09]} Qc5 {[%emt 0:00:20]} 86. Ne4 {[%emt 0:00:02]} Qd5 {[%emt 0:00:18]} 87. Qg8+ {[%emt 0:00:02]} Kh6 {[%emt 0:00:38]} 88. Qf8+ {[%emt 0:00:19]} Kg6 {[%emt 0:00:02]} 89. Qd6+ {[%emt 0:00:15]} Qxd6 {[%emt 0:00:36]} 90. Nxd6 {[%emt 0:00:01]} Kf6 {[%emt 0:00:03]} 91. Kf3 {[%emt 0:00:02]} Ke6 {[%emt 0:00:05]} 92. Ne4 {[%emt 0:00:01]} f6 {[%emt 0:00:03]} 93. g4 {[%emt 0:00:24]} Ke5 {[%emt 0:00:02]} 94. Ng3 {[%emt 0:00:04]} Nd4+ {[%emt 0:00:13]} 95. Ke3 {[%emt 0:00:03]} Nc2+ {[%emt 0:00:04]} 96. Kf3 {[%emt 0:00:26]} Nb4 {[%emt 0:01:12]} 97. Ke3 {[%emt 0:00:11]} Nc6 {[%emt 0:00:07]} 98. Nh5 {[%emt 0:00:08]} Ke6 {[%emt 0:00:02]} 99. Kf3 {[%emt 0:00:09]} Ne5+ {[%emt 0:00:02]} 100. Kg3 {[%emt 0:00:02]} Nd7 {[%emt 0:00:01]} 101. Ng7+ {[%emt 0:00:06]} Ke5 {[%emt 0:00:02]} 102. Kf3 {[%emt 0:00:04]} Kd5 {[%emt 0:00:01]} 103. Nh5 {[%emt 0:00:03]} Kd4 {[%emt 0:00:01]} 104. Ng7 {[%emt 0:00:05]} Ne5+ {[%emt 0:00:16]} 105. Kg3 {[%emt 0:00:01]} Ke3 {[%emt 0:00:04]} 106. Nf5+ {[%emt 0:00:10]} Ke2 {[%emt 0:00:10]} 107. Nd6 {[%emt 0:00:04]} Nd7 {[%emt 0:00:04]} 108. Ne8 {[%emt 0:00:49]} Ke3 {[%emt 0:00:03]} 109. Nd6 {[%emt 0:00:13]} Nc5 {[%emt 0:00:05]} 110. Nf5+ {[%emt 0:00:07]} Ke4 {[%emt 0:00:17]} 111. Nd6+ {[%emt 0:00:07]} Ke3 {[%emt 0:00:22]} 112. Nf5+ {[%emt 0:00:15]} Ke2 {[%emt 0:00:02]} 113. Nd6 {[%emt 0:00:04]} Nd7 {[%emt 0:00:37]} 114. Nf5 {[%emt 0:00:22]} Nb6 {[%emt 0:00:01]} 115. Nd4+ {[%emt 0:00:09]} Kd3 {[%emt 0:00:05]} 116. Nf5 {[%emt 0:00:02]} Nc4 {[%emt 0:00:17]} 117. Ne7 {[%emt 0:00:21]} Ke4 {[%emt 0:00:20]} 118. Ng8 {[%emt 0:00:11]} Ke5 {[%emt 0:00:01]} 119. Kf3 {[%emt 0:00:06]} Ke6 {[%emt 0:00:02]} 120. Nh6 {[%emt 0:00:13]} Nd6 {[%emt 0:00:04]} 121. Ke3 {[%emt 0:00:02]} Ke7 {[%emt 0:01:42]} 122. Kd4 {[%emt 0:00:03]} Ke6 {[%emt 0:00:19]} 123. Ke3 {[%emt 0:00:13]} Nf7 {[%emt 0:00:21]} 124. Nxf7 {[%emt 0:00:01]} Kxf7 {[%emt 0:00:01]} 125. Kf3 {[%emt 0:00:08]} Ke7 {[%emt 0:00:09]} 126. Ke3 {[%emt 0:00:02]} Kf8 {[%emt 0:00:05]} 127. Kf2 {[%emt 0:00:05]} Ke8 {[%emt 0:00:01]} 128. Ke2 {[%emt 0:00:01]} Kd8 {[%emt 0:00:01]} 129. Kd2 {[%emt 0:00:05]} Kc7 {[%emt 0:00:00]} 130. Kc3 {[%emt 0:00:05]} Kb6 {[%emt 0:00:03]} 131. Kb4 {[%emt 0:00:18]} Kb7 {[%emt 0:00:01]} 132. Kb3 {[%emt 0:00:02]} Kb8 {[%emt 0:00:01]} 133. Kb2 {[%emt 0:00:24]} Ka8 {[%emt 0:00:01]} 134. Ka2 {[%emt 0:00:04]} Ka7 {[%emt 0:00:09]} 135. Ka3 {[%emt 0:00:02]} Ka6 {[%emt 0:00:10]} 136. Ka4 {[%emt 0:00:02]} Kb7 {[%emt 0:00:03]} 137. Kb3 {[%emt 0:00:04]} Kc6 {[%emt 0:00:03]} 138. Kc4 {[%emt 0:00:02]} Kd6 {[%emt 0:00:00]} 139. Kd4 {[%emt 0:00:01]} Ke7 {[%emt 0:00:02]} 140. Ke3 {[%emt 0:00:03]} Kf7 {[%emt 0:00:02]} 141. Kf3 {[%emt 0:00:02]} Kg8 {[%emt 0:00:01]} 142. Kg2 {[%emt 0:00:02]} Kg7 {[%emt 0:00:02]} 143. Kg3 {[%emt 0:00:08]} Kf8 {[%emt 0:00:09]} 144. Kf2 {[%emt 0:00:01]} Ke7 {[%emt 0:00:22]} 145. Ke3 {[%emt 0:00:01]} Kd7 {[%emt 0:00:00]} 146. Kd3 {[%emt 0:00:02]} Kc6 {[%emt 0:00:02]} 147. Kc4 {[%emt 0:00:00]} Kc7 {[%emt 0:00:04]} 148. Kc3 {[%emt 0:00:01]} Kb6 {[%emt 0:00:03]} 149. Kb4 {[%emt 0:00:02]} 1/2-1/2

[Event "EIRCC 2019"]
[Site "Tallinn"]
[Date "2019.12.06"]
[Round "13.11"]
[White "Sebenik, Matej"]
[Black "Yuffa, Daniil"]
[Result "1-0"]
[WhiteElo "2504"]
[BlackElo "2587"]
[Annotator "ChessBase"]
[PlyCount "85"]
[EventDate "2019.12.05"]
[EventType "swiss"]
[EventCountry "EST"]
[SourceTitle "playchess.com"]
[Source "ChessBase"]
[SourceQuality "1"]

1. Nf3 d6 2. d4 Nf6 3. c4 g6 4. Nc3 Bg7 5. e4 O-O 6. Be2 e5 7. O-O Nc6 8. Be3 Ng4 9. Bg5 f6 10. Bh4 Nh6 11. dxe5 dxe5 12. Qb3 Qe8 13. Rad1 Qf7 14. Nd5 Rb8 15. c5 Kh8 16. h3 Be6 17. Qa4 g5 18. Bg3 Nf5 19. b4 a6 20. Qc2 Rbd8 21. exf5 Bxd5 22. Rd2 h5 23. a3 Bh6 24. Qb2 g4 25. Nh4 Kg7 26. Rdd1 Nd4 27. hxg4 Nxe2+ 28. Qxe2 Bc4 29. Qf3 Bxf1 30. Rxf1 Qd5 31. g5 Bxg5 32. Qxh5 Qf7 33. Ng6 Rh8 34. Qg4 Rh6 35. Bxe5 Kh7 36. f4 Qc4 37. Qf3 Rd3 38. Qxb7 Rd7 39. Qf3 Rd3 40. Qc6 Rd2 41. Qxc7+ Kg8 42. Qc8+ Kg7 43. Qf8+ 1-0

[Event "EIRCC 2019"]
[Site "Tallinn"]
[Date "2019.12.06"]
[Round "13.12"]
[White "Potapov, Pavel"]
[Black "Popov, Valerij"]
[Result "1/2-1/2"]
[WhiteElo "2482"]
[BlackElo "2583"]
[Annotator "ChessBase"]
[PlyCount "94"]
[EventDate "2019.12.05"]
[EventType "swiss"]
[EventCountry "EST"]
[SourceTitle "playchess.com"]
[Source "ChessBase"]
[SourceQuality "1"]

1. e4 c5 2. c3 e6 3. Nf3 d5 4. exd5 exd5 5. d4 Nc6 6. Bb5 a6 7. Bxc6+ bxc6 8. O-O Bd6 9. Re1+ Ne7 10. dxc5 Bxc5 11. Nbd2 O-O 12. Nb3 Bd6 13. Be3 a5 14. Bc5 a4 15. Bxd6 Qxd6 16. Nc1 c5 17. Nd3 Bf5 18. Qd2 Rfd8 19. Qe3 d4 20. cxd4 cxd4 21. Qxe7 Qxe7 22. Rxe7 Bxd3 23. Rd1 Bc4 24. Rxd4 Bxa2 25. h3 Rxd4 26. Nxd4 g6 27. Rb7 h5 28. f3 Kg7 29. Kf2 Kf6 30. f4 h4 31. Rb6+ Ke7 32. f5 g5 33. f6+ Kd7 34. g3 Bc4 35. gxh4 gxh4 36. Nf3 Re8 37. Nxh4 Re2+ 38. Kf3 Rc2 39. Nf5 Bb3 40. Nd4 Rxb2 41. Kf4 Kc7 42. Rb4 Kd6 43. Nxb3 axb3 44. h4 Rb1 45. Kg5 b2 46. Kh6 Kc5 47. Rb8 Kc4 1/2-1/2

[Event "EIRCC 2019"]
[Site "Tallinn"]
[Date "2019.12.06"]
[Round "13.13"]
[White "Sipila, Vilka"]
[Black "Babula, Vlastimil"]
[Result "1-0"]
[WhiteElo "2380"]
[BlackElo "2559"]
[Annotator "ChessBase"]
[PlyCount "53"]
[EventDate "2019.12.05"]
[EventType "swiss"]
[EventCountry "EST"]
[SourceTitle "playchess.com"]
[Source "ChessBase"]
[SourceQuality "1"]

1. e4 c5 2. Nf3 e6 3. d4 cxd4 4. Nxd4 Nc6 5. Nc3 Qc7 6. Be3 a6 7. Qf3 d6 8. O-O-O Bd7 9. Qg3 Nf6 10. f4 b5 11. Bxb5 axb5 12. Ndxb5 Qb8 13. Nxd6+ Bxd6 14. Qxg7 Rg8 15. Qxf6 Be7 16. Qh6 Nb4 17. a3 Rxg2 18. axb4 Ra1+ 19. Nb1 Qxb4 20. Rd2 Qxe4 21. Re1 Ba4 22. Rxg2 Qxg2 23. Qxh7 Bf6 24. Rg1 Qd5 25. Qg8+ Ke7 26. Qb8 Qc4 27. Qa7+ 1-0

[Event "EIRCC 2019"]
[Site "Tallinn"]
[Date "2019.12.06"]
[Round "13.14"]
[White "Ruck, Robert"]
[Black "Nguyen, Thai Dai Van"]
[Result "1/2-1/2"]
[WhiteElo "2551"]
[BlackElo "2364"]
[Annotator "ChessBase"]
[PlyCount "36"]
[EventDate "2019.12.05"]
[EventType "swiss"]
[EventCountry "EST"]
[SourceTitle "playchess.com"]
[Source "ChessBase"]
[SourceQuality "1"]

1. Nf3 d5 2. g3 g6 3. Bg2 Bg7 4. d4 c6 5. O-O Nf6 6. Nbd2 O-O 7. c4 a5 8. b3 Ne4 9. Bb2 Bf5 10. cxd5 cxd5 11. Ne5 Nd7 12. Nxe4 dxe4 13. g4 Be6 14. Bxe4 Nxe5 15. dxe5 Bxg4 16. f3 Be6 17. Qxd8 Raxd8 18. Rfd1 b6 1/2-1/2

[Event "EIRCC 2019"]
[Site "Tallinn"]
[Date "2019.12.06"]
[Round "13.15"]
[White "Saric, Ante"]
[Black "Blohberger, Felix"]
[Result "1-0"]
[WhiteElo "2538"]
[BlackElo "2316"]
[Annotator "ChessBase"]
[PlyCount "83"]
[EventDate "2019.12.05"]
[EventType "swiss"]
[EventCountry "EST"]
[SourceTitle "playchess.com"]
[Source "ChessBase"]
[SourceQuality "1"]

1. Nf3 f5 2. g3 Nf6 3. Bg2 g6 4. b3 Bg7 5. Bb2 O-O 6. O-O d6 7. d4 Nc6 8. d5 Nb4 9. c4 Na6 10. Nbd2 Bd7 11. Nd4 Nc5 12. Qc2 Rc8 13. b4 Na6 14. a3 c6 15. dxc6 bxc6 16. c5 d5 17. N4f3 Be8 18. Ne5 Nb8 19. Ndf3 Nbd7 20. Ng5 Bf7 21. Nexf7 Rxf7 22. Nxf7 Kxf7 23. Rad1 e6 24. e3 Qc7 25. f4 h5 26. Bd4 h4 27. gxh4 Rh8 28. Qf2 Ng4 29. Qg3 Bf6 30. Bxf6 Ndxf6 31. Qe1 Ne4 32. Bxe4 fxe4 33. Kh1 Qd8 34. Rd2 Rxh4 35. Rg2 Qh8 36. Qg3 Qh5 37. b5 Nh6 38. f5 Nxf5 39. b6 axb6 40. cxb6 Kg7 41. Qe5+ Kh7 42. b7 1-0

[Event "EIRCC 2019"]
[Site "Tallinn"]
[Date "2019.12.06"]
[Round "13.16"]
[White "Mickevicius, Juras"]
[Black "Hjartarson, Johann"]
[Result "1-0"]
[WhiteElo "2288"]
[BlackElo "2534"]
[Annotator "ChessBase"]
[PlyCount "115"]
[EventDate "2019.12.05"]
[EventType "swiss"]
[EventCountry "EST"]
[SourceTitle "playchess.com"]
[Source "ChessBase"]
[SourceQuality "1"]

1. d4 f5 2. Nf3 Nf6 3. g3 g6 4. Bg2 Bg7 5. O-O O-O 6. b3 d5 7. c4 c6 8. Nbd2 Na6 9. Bb2 Kh8 10. Ne5 Be6 11. Ndf3 Ne4 12. Rc1 Qe8 13. e3 Rd8 14. Qe2 g5 15. Nd3 Bf7 16. Nfe5 Bh5 17. f3 Nd6 18. g4 dxc4 19. bxc4 Bg6 20. e4 f4 21. Nxg6+ Qxg6 22. e5 Nc8 23. Rfd1 Nb6 24. Nf2 Nc7 25. Bf1 Ne6 26. Qe1 Qf7 27. Bd3 Rfe8 28. Qe4 Qg8 29. Bb1 Nf8 30. Qe2 Qf7 31. Ne4 Ne6 32. Qc2 Kg8 33. a4 Rc8 34. Nc5 Nf8 35. a5 Na8 36. Nxb7 Nc7 37. Nc5 Ng6 38. Ne4 Ne6 39. Qe2 Red8 40. Ba2 h6 41. Ba1 Nh4 42. d5 Nf8 43. d6 c5 44. Bb1 Ne6 45. Rd5 Rb8 46. Bc2 exd6 47. Nxd6 Qc7 48. Bf5 Nd4 49. Bxd4 cxd4 50. c5 Rb3 51. Be4 Qxa5 52. c6 Qa3 53. Rf1 Rc3 54. Nb5 Qe7 55. Nxc3 dxc3 56. Qc4 Kh8 57. Rxd8+ Qxd8 58. c7 1-0

[Event "EIRCC 2019"]
[Site "Tallinn"]
[Date "2019.12.06"]
[Round "13.17"]
[White "Stocek, Jiri"]
[Black "Kozak, Adam"]
[Result "1/2-1/2"]
[WhiteElo "2532"]
[BlackElo "2240"]
[Annotator "ChessBase"]
[PlyCount "115"]
[EventDate "2019.12.05"]
[EventType "swiss"]
[EventCountry "EST"]
[SourceTitle "playchess.com"]
[Source "ChessBase"]
[SourceQuality "1"]

1. d4 Nf6 2. Nf3 d5 3. Bg5 Ne4 4. Bh4 f6 5. Nfd2 h5 6. Nxe4 dxe4 7. h3 Bf5 8. e3 e6 9. Bc4 g5 10. Bg3 h4 11. Bh2 Bd6 12. Bxd6 Qxd6 13. Nd2 Nd7 14. c3 O-O-O 15. Qc2 Nb6 16. Be2 Qc6 17. a4 e5 18. a5 Nd5 19. Qb3 exd4 20. cxd4 a6 21. f3 Rhe8 22. O-O Qd6 23. fxe4 Bxe4 24. Bg4+ Kb8 25. Nxe4 Rxe4 26. Rae1 Rde8 27. Bf3 c6 28. Bxe4 Rxe4 29. Rf3 Qe6 30. Qa3 Ka8 31. Qf8+ Ka7 32. Kh1 Qd7 33. Rxf6 Nxf6 34. Qxf6 Qd5 35. Qf3 Qxa5 36. Rc1 Re7 37. Qf2 Qd5 38. Rc5 Qb3 39. Rc3 Qd5 40. Qf3 Rf7 41. Qxd5 cxd5 42. Kg1 b6 43. Rc6 a5 44. Re6 Rf5 45. e4 dxe4 46. Rxe4 Kb7 47. Re3 a4 48. b3 axb3 49. Rxb3 b5 50. g3 Kc6 51. Kg2 Kb6 52. Rb1 hxg3 53. Kxg3 Rf4 54. Rd1 Kc6 55. Rc1+ Kd6 56. Rc5 b4 57. Rc4 b3 58. Rb4 1/2-1/2

[Event "EIRCC 2019"]
[Site "Tallinn"]
[Date "2019.12.06"]
[Round "13.18"]
[White "Ziska, Helgi Dam"]
[Black "Sanz Wawer, Daniel"]
[Result "0-1"]
[WhiteElo "2646"]
[BlackElo "2103"]
[Annotator "TA"]
[PlyCount "82"]
[EventDate "2019.12.05"]
[EventType "swiss"]
[EventCountry "EST"]
[SourceTitle "playchess.com"]
[Source "ChessBase"]
[SourceQuality "1"]

1. e4 c6 2. Nc3 d5 3. Nf3 Bg4 4. h3 Bxf3 5. Qxf3 e6 6. d3 Nf6 7. g4 Bb4 8. Bd2 d4 9. Nb1 Bxd2+ 10. Nxd2 Nbd7 11. g5 Ng8 12. Qg3 e5 13. h4 Ne7 14. Bh3 Ng6 15. Nc4 Qe7 16. c3 dxc3 17. bxc3 b5 18. Nd2 Nf4 19. d4 Nxh3 20. Rxh3 O-O 21. f4 exf4 22. Qxf4 f5 23. Re3 Rae8 24. Qc7 Qe6 25. a4 Nb6 26. axb5 Nd5 27. Qxc6 Nxe3 28. Qxe6+ Rxe6 29. Ke2 Nd5 30. c4 Nc3+ 31. Kd3 Nxe4 32. Rxa7 Nxd2 33. Kxd2 f4 34. d5 Re4 35. Kd3 Re3+ 36. Kd4 Re1 37. b6 f3 38. Ra2 f2 39. Rxf2 Rxf2 40. d6 Kf7 41. b7 Rb2 0-1

[Event "EIRCC 2019"]
[Site "Tallinn"]
[Date "2019.12.06"]
[Round "13.19"]
[White "Duzhakov, Ilya"]
[Black "Kanep, Meelis"]
[Result "1/2-1/2"]
[WhiteElo "2351"]
[BlackElo "2466"]
[Annotator "ChessBase"]
[PlyCount "114"]
[EventDate "2019.12.05"]
[EventType "swiss"]
[EventCountry "EST"]
[SourceTitle "playchess.com"]
[Source "ChessBase"]
[SourceQuality "1"]

1. d4 Nf6 2. c4 d6 3. Nc3 e5 4. Nf3 e4 5. Nd2 Bf5 6. e3 c6 7. Be2 d5 8. Qb3 Qd7 9. f3 exf3 10. Bxf3 Be6 11. O-O Be7 12. c5 O-O 13. a3 Qc7 14. Qc2 Ng4 15. Bxg4 Bxg4 16. e4 dxe4 17. Ndxe4 Qd8 18. Qf2 f5 19. Ng3 f4 20. Nge4 g5 21. b4 Na6 22. Qa2+ Rf7 23. d5 cxd5 24. Qxd5 Nc7 25. Qxb7 Rb8 26. Qxa7 Qd4+ 27. Rf2 Rc8 28. Bb2 Ne6 29. Qa6 Rd8 30. h3 Bf5 31. Rd1 Qe5 32. Rxd8+ Nxd8 33. Nd6 Qe1+ 34. Qf1 Qxf1+ 35. Rxf1 Bxd6 36. cxd6 Rd7 37. Nd5 Kf7 38. Re1 Nc6 39. b5 Rxd6 40. bxc6 Rxd5 41. Re5 Rxe5 42. Bxe5 Ke6 43. Bg7 Kd5 44. c7 Ke4 45. Kf2 h5 46. a4 g4 47. h4 g3+ 48. Kg1 Bc8 49. a5 f3 50. gxf3+ Kxf3 51. Bf6 Ba6 52. Bd4 Bb7 53. Kf1 Ba6+ 54. Kg1 Bb7 55. Be5 Ba6 56. Bd6 Bb7 57. Be5 Ba6 1/2-1/2

[Event "EIRCC 2019"]
[Site "Tallinn"]
[Date "2019.12.06"]
[Round "13.20"]
[White "Seeman, Tarvo"]
[Black "Loginov, Valery A"]
[Result "1/2-1/2"]
[WhiteElo "2325"]
[BlackElo "2461"]
[Annotator "ChessBase"]
[PlyCount "164"]
[EventDate "2019.12.05"]
[EventType "swiss"]
[EventCountry "EST"]
[SourceTitle "playchess.com"]
[Source "ChessBase"]
[SourceQuality "1"]

1. Nf3 Nf6 2. g3 d5 3. Bg2 c6 4. b3 Bg4 5. Bb2 Nbd7 6. O-O e6 7. d3 Bc5 8. Nbd2 O-O 9. c4 a5 10. a3 Re8 11. Qc2 Qe7 12. h3 Bh5 13. Rfe1 h6 14. e4 dxe4 15. dxe4 e5 16. Nh4 Nf8 17. Nf5 Qc7 18. Bc3 Qb6 19. Nf3 Bxf3 20. Bxf3 N6d7 21. Qb2 Ne6 22. Rad1 Qc7 23. b4 axb4 24. axb4 Bf8 25. c5 b6 26. Nd6 Red8 27. Bh5 g6 28. Bxg6 fxg6 29. Qb3 Re8 30. Nxe8 Rxe8 31. cxb6 Nxb6 32. Rd3 Kh7 33. Qd1 Bg7 34. h4 h5 35. Kg2 Re7 36. Re2 c5 37. bxc5 Nxc5 38. Rf3 Ne6 39. Qb3 Nd4 40. Bxd4 exd4 41. Rc2 Qd6 42. Qb5 Nd7 43. Rc6 Qe5 44. Qd3 Nc5 45. Qc4 Nxe4 46. Rc8 Nf6 47. Qc6 Qe4 48. Qxe4 Nxe4 49. Rd8 Nc5 50. Ra3 Rf7 51. Rf3 Ra7 52. Rd5 Ne4 53. Rf4 Nc3 54. Rd8 Re7 55. Rf3 Kh6 56. Rf4 Ne4 57. Rf3 Nc3 58. Rf4 Kh7 59. Rf3 Nb5 60. Rb3 Nc3 61. Rb6 Rf7 62. Re6 Nd1 63. Re2 Nc3 64. Re6 Bf6 65. Rdd6 Kg7 66. Kg1 Nb5 67. Rb6 Nc7 68. Red6 Ne8 69. Re6 Nc7 70. Red6 Ne8 71. Re6 Re7 72. Kf1 Rxe6 73. Rxe6 Kf7 74. Ra6 Ng7 75. Ke2 Nf5 76. Kd3 Ke7 77. Ke4 Kf7 78. Rb6 Ne7 79. Rb7 Ke6 80. Rb6+ Kf7 81. Rb7 Bg7 82. Ra7 Bf6 1/2-1/2

[Event "EIRCC 2019"]
[Site "Tallinn"]
[Date "2019.12.06"]
[Round "13.21"]
[White "Martynov, Roman"]
[Black "Ladva, Ottomar"]
[Result "1-0"]
[WhiteElo "2269"]
[BlackElo "2446"]
[Annotator "NA"]
[PlyCount "95"]
[EventDate "2019.12.05"]
[EventType "swiss"]
[EventCountry "EST"]
[SourceTitle "playchess.com"]
[Source "ChessBase"]
[SourceQuality "1"]

1. d4 Nf6 2. c4 e6 3. g3 d5 4. Nf3 dxc4 5. Bg2 c5 6. O-O Nc6 7. Qa4 Bd7 8. dxc5 Na5 9. Qc2 Rc8 10. Ne5 Bxc5 11. Nxd7 Nxd7 12. Nc3 O-O 13. Rd1 a6 14. Bf4 b5 15. Ne4 Be7 16. Nd6 Bxd6 17. Bxd6 Re8 18. Bf4 e5 19. Bh3 exf4 20. Bxd7 fxg3 21. hxg3 Qe7 22. Bxc8 Rxc8 23. Rd2 Nc6 24. Qf5 Qe6 25. Qxe6 fxe6 26. Rd7 Nb4 27. a3 Nd5 28. Rd6 c3 29. bxc3 Nxc3 30. Rxe6 a5 31. Kf1 Rb8 32. Ra6 a4 33. Rc1 Ne4 34. Rc7 Nd2+ 35. Kg2 Nc4 36. Raa7 Nxa3 37. Rxg7+ Kh8 38. Rxh7+ Kg8 39. Rag7+ Kf8 40. Rb7 Rxb7 41. Rxb7 Ke8 42. g4 Kd8 43. g5 Kc8 44. Rf7 Nc4 45. g6 Ne5 46. g7 Nxf7 47. g8=Q+ Nd8 48. Qd5 1-0

[Event "EIRCC 2019"]
[Site "Tallinn"]
[Date "2019.12.06"]
[Round "13.22"]
[White "Mohr, Georg"]
[Black "Opryshko, Stanislav"]
[Result "1-0"]
[WhiteElo "2424"]
[BlackElo "2208"]
[Annotator "NA"]
[PlyCount "129"]
[EventDate "2019.12.05"]
[EventType "swiss"]
[EventCountry "EST"]
[SourceTitle "playchess.com"]
[Source "ChessBase"]
[SourceQuality "1"]

1. c4 e5 2. Nc3 f5 3. d3 Nf6 4. g3 g6 5. Bg2 Bg7 6. e3 O-O 7. Nge2 d6 8. O-O Nc6 9. Rb1 a5 10. a3 Be6 11. Nd5 Qd7 12. b4 axb4 13. axb4 Rae8 14. b5 Nd8 15. b6 c6 16. Nc7 Re7 17. Nxe6 Nxe6 18. d4 e4 19. d5 cxd5 20. cxd5 Nc5 21. Ba3 Nd3 22. Nd4 Ra8 23. Qb3 Qa4 24. Bxd6 Qxb3 25. Rxb3 Rd7 26. Nb5 Ra5 27. Ba3 Nxd5 28. g4 Nxb6 29. gxf5 gxf5 30. Nd6 Rxa3 31. Rxb6 Ra5 32. Bh3 Bf8 33. Nxf5 Rf7 34. Ng3 Nc5 35. Be6 Nxe6 36. Rxe6 Re7 37. Rxe7 Bxe7 38. Rb1 b5 39. Nxe4 b4 40. Kg2 Kf7 41. Kf3 Ke6 42. Ke2 Rh5 43. Rh1 Kd5 44. Kd3 Rh4 45. f4 Rh3 46. Nf2 Rh6 47. h3 Ra6 48. Rd1 Bc5 49. Ke2+ Kc4 50. Rc1+ Kb5 51. Nd3 Bd6 52. e4 Ra2+ 53. Ke3 b3 54. e5 Ba3 55. Rc8 Rh2 56. Rb8+ Kc4 57. e6 Rxh3+ 58. Ke4 Rh6 59. Rc8+ Kb5 60. f5 Rh4+ 61. Kd5 Rh5 62. Rb8+ Ka4 63. Ra8+ Kb5 64. Rxa3 Rxf5+ 65. Ke4 1-0

[Event "EIRCC 2019"]
[Site "Tallinn"]
[Date "2019.12.06"]
[Round "13.23"]
[White "Lazavik, Denis"]
[Black "Pohjala, Henri"]
[Result "1/2-1/2"]
[WhiteElo "2201"]
[BlackElo "2418"]
[Annotator "NA"]
[PlyCount "44"]
[EventDate "2019.12.05"]
[EventType "swiss"]
[EventCountry "EST"]
[SourceTitle "playchess.com"]
[Source "ChessBase"]
[SourceQuality "1"]

1. d4 d5 2. c4 c6 3. Nf3 Nf6 4. Qc2 e6 5. e3 Nbd7 6. Nc3 a6 7. b3 b6 8. Be2 Bb7 9. O-O dxc4 10. bxc4 c5 11. a4 Bd6 12. Ba3 O-O 13. Rfd1 Qc7 14. d5 e5 15. e4 Rfb8 16. Ne1 Ne8 17. Nd3 Bf8 18. Bg4 Ndf6 19. Bf3 Nd7 20. Bg4 Ndf6 21. Bf3 Nd7 22. Bg4 Ndf6 1/2-1/2